00422nam a22001457a 450000500170000000800410001702000280005804100130008608200120009910000120011124500510012326000470017430000300022165000250025120240918082515.0231204b |||||||| |||| 00| 0 eng d a0409012645 ; 0409012696 aEnglish  a349 JOU lEnglish aThe Law of South Africa /cedited by JA Faris  aDurban : bLexisNexis Butterworths, c2004 bix, 1096 pages ; c26 cm. aLegal practice bLaw